| 000 | 01374cam a2200361 i 4500 | ||
|---|---|---|---|
| 001 | on1357499906 | ||
| 003 | OCoLC | ||
| 005 | 20240515051940.0 | ||
| 008 | 221220s2023 onc 000 f eng d | ||
| 020 | _a9780778333494 | ||
| 040 |
_aFLW _beng _erda _cFLW _dOCLCF _dTnLvILS |
||
| 082 | _2F Graham | ||
| 092 | _aF Graham | ||
| 100 | 1 |
_aGraham, Heather, _eauthor. _934885 |
|
| 245 | 1 | 0 |
_aShadow of death / _cHeather Graham. |
| 264 | 1 |
_aToronto, Ontario, Canada : _bMira Books, _c[2023] |
|
| 300 |
_a334 pages ; _c24 cm. |
||
| 336 | _atext | ||
| 337 | _aunmediated | ||
| 338 | _avolume | ||
| 520 | _aWhen Amy Larson and her partner Hunter Forrest investigate a missing persons case in a series of caves outside Denver, Colorado, they discover a muddy pit littered with corpses that are covered in human bite marks and find the case leading them to a cult. | ||
| 650 | 0 |
_aCaves _zColorado _vFiction. _96467192 |
|
| 650 | 0 |
_aMissing persons _vFiction. |
|
| 650 | 0 |
_aCults _vFiction. _95675653 |
|
| 651 | 0 |
_aDenver (Colo.) _vFiction. _95779513 |
|
| 651 | 0 |
_aEverglades (Fla.) _vFiction. _95702678 |
|
| 655 | 7 |
_aFiction. _2fast _95673940 |
|
| 655 | 7 |
_aNovels. _2fast |
|
| 655 | 7 |
_aThrillers (Fiction) _2fast _95697221 |
|
| 655 | 7 |
_aThrillers (Fiction) _2lcgft. _95697221 |
|
| 655 | 7 |
_aNovels. _2lcgft. |
|
| 942 |
_2ddc _cBOOK |
||
| 999 |
_c384072 _d384072 |
||